00543nam a22001577a 450000500170000001000150001702000270003203500140005903700090007308200080008224500870009025000060017726001010018327000700028430000310035420250109144317.0 aENG-143283 a9788197321498c1220.00 aEN-126815 bDBAD a33700aShanghai Cooperation Organisation:cEdited By Athar ZafarbReconnect ~ Rejuvenate/ a1 aNew DelhibKW Publishers KW Publishers in association with Centre for Land Warfare Studiesc2025 a4676/21, First Floor, Ansari Road, Daryaganj, bNew Delhie110002 axxii,88p.c23cm(hb)bIndex